Pracovní právo a vztah k práci

Na minha lista:
Detalhes bibliográficos
Autor principal: Bičovský, Jaroslav
Outros Autores: Mydlík, Alexej
Formato: Livro
Idioma:tcheco
Publicado em: Praha Práce 1988
Edição:1. vyd.
Colecção:Knižnice Člověk a práce
Tags: Adicionar Tag
Sem tags, seja o primeiro a adicionar uma tag!

MARC

LEADER 00000nam a2200000 4500
001 c039321
005 20250217093812.2
041 0 |a cze 
044 |a CZ 
245 1 0 |a Pracovní právo a vztah k práci  |c Jaroslav Bičovský, Alexej Mydlík 
250 |a 1. vyd. 
264 1 |a Praha  |b Práce  |c 1988 
300 |a 202 s. 
490 1 |a Knižnice Člověk a práce 
830 0 |a Knižnice Člověk a práce 
100 1 |a Bičovský, Jaroslav 
700 1 |a Mydlík, Alexej